Music Quiz

Random Music or Clickable Quiz

American Pie Clicky-oke Quiz Stats

Quiz Updated Apr 27, 2017

Challenge
Share
Tweet
Embed
Score 0/57 Timer 09:00
0 Plays Today
% Correct
Faith in God above
92.9%
I can still remember
92.2%
Saw you dancin' in the gym
92.2%
Happy for a while
91.7%
Pink carnation and a pickup truck
91.7%
Paper I'd deliver
91.6%
Day that I die
91.3%
Day that I die
91.3%
King and queen
91.1%
Whiskey and rye
90.9%
Widowed bride
90.8%
Miss American Pie
90.8%
How to dance real slow
90.7%
Miss American Pie
90.7%
One more step
90.6%
Miss American Pie
90.6%
Whiskey and rye
90.6%
Day that I die
90.6%
Day that I die
90.1%
Whiskey and rye
89.8%
Miss American Pie
89.7%
Whiskey and rye
89.4%
Man, I dig those rhythm & blues
88.6%
Miss American Pie
88.3%
Whiskey and rye
88%
Day that I die
87.2%
Jester stole his thorny crown
86.5%
Whiskey and rye
86.2%
Moss grows fat on a rollin' stone
86.1%
% Correct
No verdict was returned
85.4%
Miss American Pie
84.9%
Day that I die
84.4%
Got the chance!
84%
The marching band refused to yield
83.8%
The birds flew off with a fallout shelter
83.5%
And I knew if I had my chance
82.9%
Jack Flash sat on a candlestick
82.8%
Could break that Satan's spell
82.7%
Only friend
82.4%
A generation lost in space
82.1%
Do you believe in rock n' roll
81.3%
For some happy news
80.8%
Jack, be nimble
80.3%
Quartet practiced in the park
80.2%
The Father, Son and the Holy Ghost
80.2%
My hands were clenched in fists of rage
80.1%
Laughing with delight
79.9%
Sergeants played a marching tune
78.4%
Jester on the sidelines in a cast
76.4%
The church bells all were broken
76.4%
The day the music died
75.6%
The lovers cried, and the poets dreamed
75.6%
To light the sacrificial rite
75.4%
Music wouldn't play
75.1%
In a voice that came from you and me
72.5%
I went down to the sacred store
65.8%
It landed foul on the grass
59.7%

You're not logged in!

Compare scores with friends on all Sporcle quizzes.
Join for Free
OR
Log In

You Might Also Like...

Show Comments

Extras

Top Quizzes Today


Score Distribution

Your Account Isn't Verified!

In order to create a playlist on Sporcle, you need to verify the email address you used during registration. Go to your Sporcle Settings to finish the process.

Report this User

Report this user for behavior that violates our Community Guidelines.

Details: